Отходы нефтяных и газовых производств (Запись № 10886867)

Подробности
000 -МАРКЕР
контрольное поле 03557nam0a2200385 i 4500
001 - ИДЕНТИФИКАТОР ЗАПИСИ
контрольное поле RU\NLR\BIBL_A\010983429
005 - ИДЕНТИФИКАТОР ВЕРСИИ
контрольное поле 20260408080538.0
010 ## - МЕЖДУНАРОДНЫЙ СТАНДАРТНЫЙ НОМЕР КНИГИ (ISBN)
Номер (ISBN) 9785763833461
Тираж 100
021 ## - НОМЕР ГОСУДАРСТВЕННОЙ РЕГИСТРАЦИИ
Код страны Российская Федерация
Номер 2016-7286
Номер Листа государственной регистраци 465
035 ## - ДРУГИЕ СИСТЕМНЫЕ НОМЕРА
Идентификатор записи (NILC)RuMoRGB-008133096
035 ## - ДРУГИЕ СИСТЕМНЫЕ НОМЕРА
Идентификатор записи (NLR Aleph) 010983429
100 ## - ДАННЫЕ ОБЩЕЙ ОБРАБОТКИ
Данные общей обработки 20160218d2015 um y0rusy50 ca
101 0# - ЯЗЫК РЕСУРСА
Язык текста, звукозаписи и т.д. русский
102 ## - СТРАНА ПУБЛИКАЦИИ ИЛИ ПРОИЗВОДСТВА
Страна публикации Российская Федерация
105 ## - ПОЛЕ КОДИРОВАННЫХ ДАННЫХ: ТЕКСТОВЫЕ МАТЕРИАЛЫ, МОНОГРАФИЧЕСКИЕ
Кодированные данные о монографическом текстовом документе y|||j|||000yy
200 1# - ЗАГЛАВИЕ И СВЕДЕНИЯ ОБ ОТВЕТСТВЕННОСТИ
Основное заглавие Отходы нефтяных и газовых производств
Сведения, относящиеся к заглавию учебное пособие для студентов вузов, обучающихся по направлению подготовки бакалавров "Эксплуатация транспортно-технологических машин и комплексов" (профили подготовки: "Сервис транспортных и транспортно-технологических машин и оборудования (Нефтегазодобыча)", "Сервис транспортных и транспортно-технологических машин и оборудования (Нефтепродуктообеспечение и гасонабжение"), "Сервис транспортных и транспортно-технологических машин и оборудования (Трубопроводный транспорт нефти и газа)" и специалистов по специальности "Транспортные средства специального назначения" (специализация: "Наземные транспортные средства и комплексы аэродромно-технического обеспечения полетов авиации")
Первые сведения об ответственности М-во образования и науки Российской Федерации, Сибирский федеральный ун-т, [Ин-т нефти и газа
Последующие сведения об ответственности Безбородов Ю. Н. и др.]
-- под ред. Н. Д. Булчаева
210 ## - ПУБЛИКАЦИЯ, РАСПРОСТРАНЕНИЕ И ДР.
Место издания, распространения и т.д. Красноярск
Имя издателя, распространителя и т. д. СФУ
Дата издания, распространения и т.д. 2015
215 ## - ФИЗИЧЕСКАЯ ХАРАКТЕРИСТИКА
Специфическое обозначение материала и объем 147 с.
Другие сведения о физической характеристике ил., табл.
Размеры 21
300 ## - ОБЩИЕ ПРИМЕЧАНИЯ
Текст примечания На обл. в подзаг.: Эксплуатация транспортно-технологических машин и комплексов, сервис транспортных и транспортно-технологических машин и оборудования
320 ## - ПРИМЕЧАНИЯ О НАЛИЧИИ В ДОКУМЕНТЕ БИБЛИОГРАФИИ / УКАЗАТЕЛЯ
Текст примечания Библиогр.: с. 142 (4 назв.)
606 1# - НАИМЕНОВАНИЕ ТЕМЫ КАК ПРЕДМЕТ
Наименование темы Нефть
Формальный подзаголовок Учебные издания для высших учебных заведений
Тематический подзаголовок Добыча
-- Отходы
Системный номер авторитетной/нормативной записи 2432714
Идентификатор авторитетной/нормативной записи RU\NLR\AUTH\661447850
606 1# - НАИМЕНОВАНИЕ ТЕМЫ КАК ПРЕДМЕТ
Наименование темы Газовые промыслы
Формальный подзаголовок Учебные издания для высших учебных заведений
Тематический подзаголовок Сточные воды
Системный номер авторитетной/нормативной записи 2278702
Идентификатор авторитетной/нормативной записи RU\NLR\AUTH\661365361
606 ## - НАИМЕНОВАНИЕ ТЕМЫ КАК ПРЕДМЕТ
Наименование темы Нефтяные промыслы
Формальный подзаголовок Учебные издания для высших учебных заведений
Тематический подзаголовок Сточные воды
Системный номер авторитетной/нормативной записи 1721956
Идентификатор авторитетной/нормативной записи RU\NLR\AUTH\66768482
675 ## - УНИВЕРСАЛЬНАЯ ДЕСЯТИЧНАЯ КЛАССИФИКАЦИЯ (UDC/УДК)
Индекс 622.32
686 1# - ИНДЕКСЫ ДРУГИХ КЛАССИФИКАЦИЙ
Индекс И361я73-1
686 1# - ИНДЕКСЫ ДРУГИХ КЛАССИФИКАЦИЙ
Индекс И362я73-1
702 #1 - ИМЯ ЛИЦА - ВТОРИЧНАЯ ОТВЕТСТВЕННОСТЬ
Начальный элемент ввода Безбородов
Часть имени, кроме начального элемента ввода Ю. Н.
Расширение инициалов личного имени Юрий Николаевич
Код отношения Составитель
702 #1 - ИМЯ ЛИЦА - ВТОРИЧНАЯ ОТВЕТСТВЕННОСТЬ
Начальный элемент ввода Булчаев
Часть имени, кроме начального элемента ввода Н. Д.
Расширение инициалов личного имени Нурди Джамалайлович
Код отношения Редактор
712 02 - НАИМЕНОВАНИЕ ОРГАНИЗАЦИИ - ВТОРИЧНАЯ ОТВЕТСТВЕННОСТЬ
Код отношения Прочие
Начальный элемент ввода Сибирский федеральный университет
Идентифицирующий признак Красноярск
Системный номер авторитетной/нормативной записи 693232
Идентификатор авторитетной/нормативной записи RU\NLR\AUTH\8810095991
801 #0 - ИСТОЧНИК ЗАПИСИ
Страна Российская Федерация
Организация РГБ
Дата составления 20160202
Правила каталогизации RCR
942 ## - ДОПОЛНИТЕЛЬНЫЕ ЭЛЕМЕНТЫ ЗАПИСИ (АБИС)
Тип экземпляра АБИС Книга
980 ## - КОЛЛЕКЦИЯ
Название коллекции НБР

Нет доступных экземпляров.